000 00575nam a2200229Ia 4500
003 OSt
005 20220928141552.0
006 a|||||r|||| 00| 0
007 ta
008 220927b |||||||| |||| 00| 0 eng d
024 _a16035
037 _cTextual
040 _aSDCL
_cSDCL
_beng
041 _2eng
_aeng
082 _aP:795, N3
100 _aGopinathan G
_9397587
245 0 _aProblems of translation.
260 _c1993
700 _a Kandaswamy S
_9413907
942 _hP:795, N3
_cTEXL
_2CC
999 _c818389
_d818389